| 000 | 00337nam a22001217a 4500 | ||
|---|---|---|---|
| 008 | 230626b xxu||||| |||| 00| 0 eng d | ||
| 082 |
_a330.97 _bFIS |
||
| 100 | _cScott Fisher | ||
| 245 |
_aCoping with Change _bUnited State Policy Toward South Africa |
||
| 260 |
_bThe National Defense University _c1982 |
||
| 300 | _a83p | ||
| 942 |
_2ddc _cBK |
||
| 999 |
_c2581 _d2581 |
||